Giáo trình đại cương về nhà nước và pháp luật

Giới thiệu những vấn đề cơ bản về nhà nước và pháp luật; các ngành luật trong hệ thống pháp luật Việt Nam: Nguồn gốc, bản chất, các đặc trưng và hình thức nhà nước; bộ máy, chức năng nhà nước, chế độ chính trị; nhà nước pháp...

Descrizione completa

Salvato in:
Dettagli Bibliografici
Autore principale: Đào, Trí Úc
Altri autori: Hoàng, Thị Kim Quế
Natura: Libro
Lingua:Undetermined
Pubblicazione: H. Đại học Quốc gia Hà Nội 2017
Soggetti:
Accesso online:http://lrc.tdmu.edu.vn/opac/search/detail.asp?aID=2&ID=36708
Tags: Aggiungi Tag
Nessun Tag, puoi essere il primo ad aggiungerne! !
Thư viện lưu trữ: Trung tâm Học liệu Trường Đại học Thủ Dầu Một
LEADER 01464nam a2200217Ia 4500
001 TDMU_36708
008 210410s9999 xx 000 0 und d
082 |a 959.704092 
090 |b Đ108 
100 |a Đào, Trí Úc 
245 0 |a Giáo trình đại cương về nhà nước và pháp luật 
245 0 |c Đào Trí Úc, Hoàng Thị Kim Quế (ch.b.), Nguyễn Hoàng Anh và [nh.ng. khác] 
260 |a H. 
260 |b Đại học Quốc gia Hà Nội 
260 |c 2017 
300 |a 435tr. 
520 |a Giới thiệu những vấn đề cơ bản về nhà nước và pháp luật; các ngành luật trong hệ thống pháp luật Việt Nam: Nguồn gốc, bản chất, các đặc trưng và hình thức nhà nước; bộ máy, chức năng nhà nước, chế độ chính trị; nhà nước pháp quyền và quyền con người; luật hiến pháp và luật hành chính; luật hình sự; luật tố tụng dân sự; luật lao động và an sinh xã hội; luật quốc tế và luật tư pháp quốc tế... 
650 |a Nhà nước và pháp luật  |v Giáo trình 
700 |a Hoàng, Thị Kim Quế 
856 |u http://lrc.tdmu.edu.vn/opac/search/detail.asp?aID=2&ID=36708 
980 |a Trung tâm Học liệu Trường Đại học Thủ Dầu Một